Suplemento Sumer-Asur
Uloženo v:
| Hlavní autor: | |
|---|---|
| Médium: | Kniha |
| Jazyk: | španělština |
| Vydáno: |
Madrid
Aguilar
1970
|
| Edice: | El Universo de las Formas
|
| Témata: | |
| Tagy: |
Přidat tag
Žádné tagy, Buďte první, kdo vytvoří štítek k tomuto záznamu!
|
MARC
| LEADER | 00000nam a2200000 a 4500 | ||
|---|---|---|---|
| 001 | UCT3884 | ||
| 003 | CL-VaPUC | ||
| 008 | 961031e19700000SP |||||||||||||||||spa|d | ||
| 082 | 0 | 4 | |a 709.013 |b PAR |2 21 |
| 100 | |a Parrot, André |e autor |9 576424 | ||
| 245 | 1 | 0 | |a Suplemento Sumer-Asur |
| 300 | |a 43 p | ||
| 942 | |c BK | ||
| 945 | |d 19961031 00:00:00 |a nastorga | ||
| 260 | |a Madrid |b Aguilar |c 1970 | ||
| 650 | 0 | |a Arte sumerio |9 329933 | |
| 650 | 0 | |a Arte asirio |9 372941 | |
| 650 | 0 | |a Arqueología |9 265619 | |
| 650 | 0 | |a Civilizaciones antiguas |9 265998 | |
| 650 | 0 | |a Historia |9 255047 | |
| 650 | 7 | |a CONSTRUCCIONES |2 CL-VaPUC |9 262690 | |
| 650 | 7 | |a TEMPLOS |2 CL-VaPUC |9 266644 | |
| 650 | 0 | |a Arte religioso |9 330545 | |
| 650 | 0 | |a Monumentos históricos |9 308710 | |
| 651 | 7 | |a BABILONIA |2 CL-VaPUC |9 322408 | |
| 651 | 0 | |a Mesopotamia |9 314286 | |
| 583 | |a last modification |c 19961031 00:00:00 |k Rodrigo Vera | ||
| 490 | 0 | |a El Universo de las Formas | |
| 999 | |c 253388 |d 253386 | ||
| 952 | |0 0 |1 0 |4 0 |6 709_013000000000000_PAR_1970 |7 0 |8 X |9 274211 |a BIBHIS |b BIBHIS |d 2019-11-19 |i 3247120 |o 709.013 PAR 1970 |p 3247120 |r 2024-01-30 |w 2019-11-19 |y BK_X |k HIS | ||